01183nam a22002057a 4500008004100000020001800041040000800059041000800067050002900075100003000104245003900134260003500173300003100208520054900239650001900788650004400807650002800851651006400879655003400943250626b |||||||| |||| 00| 0 eng d a9780008663797 ctbs aeng aPS3613 b.O.5644G64 2024 aMoore, Lizd1983-eauthor aThe god of the woodsc/ Liz Moore. aLondon,bBorough Press,c2024. a435 pages :bmap ;c24 cm. aSome said it was tragic, what happened to the Van Laars. Some said the Van Laars deserved it. That they never even thanked the searchers who stayed out for five nights in the freezing forest trying to help find their missing son. Some said there was a reason it took the family so long to call for help. That they knew what happened to the boy. Now, fifteen years later, the daughter the family had in their grief has gone missing in the same wilderness as her brother. Some say the two disappearances aren’t connected. Some say they are. 0aCampsvFiction 0aMissing personsxInvestigationvFiction 0aFamily secretsvFiction 0aAdirondack Mountains (N.Y.)xHistoryy20th centuryvFiction 0aDetective and mystery fiction